Visualizzazione normale
Vista MARC
- Orlandini Matteo
di Personal Name
Records bibliografici associati: 1
001 - CONTROL NUMBER
- control field: 61354
003 - CONTROL NUMBER IDENTIFIER
- control field:
005 - DATE AND TIME OF LATEST TRANSACTION
- control field: 20250110183829.0
008 - FIXED-LENGTH DATA ELEMENTS
- fixed length control field: 250110|| aca||aabn | a|a d
040 ## - CATALOGING SOURCE
- Original cataloging agency:
- Transcribing agency:
100 ## - HEADING--PERSONAL NAME
- Personal name: Orlandini Matteo
670 ## - SOURCE DATA FOUND
- Source citation: Work cat.: ()360333: Orlandini Matteo, Partnership e sequenzalizzazione dell'incertezza., 2015